Statistiche per Primi 15 paesi interessati da Covid-19 - 10 maggio

Clicka qui per fare il quiz!

Statistiche generali

  • Questo quiz è stato fatto 3 volte
  • Il punteggio medio è 12 su 24

Statistiche sulle risposte

country% Corretto
Cina
100%
Russia
100%
Brasile
67%
Canada
67%
Francia
67%
Germania
67%
India
67%
Italia
67%
Portogallo
67%
Regno Unito
67%
Spagna
67%
Stati Uniti
67%
Svezia
67%
Belgio
33%
Bielorussia
33%
Iran
33%
Irlanda
33%
Paesi Bassi
33%
Singapore
33%
Svizzera
33%
Bahrain
0%
Perù
0%
Qatar
0%
Turchia
0%

Distribuzione punteggi

Percentile per numero di risposta

Percentuale di utenti per punteggio

I tuoi punteggi nel tempo

Non hai fatto questo quiz